| 000 | 00697cam a22002413a 4500 | ||
|---|---|---|---|
| 001 | 31707 | ||
| 003 | PGUSA | ||
| 005 | 20140828083703.0 | ||
| 008 | 100320s2010||||xxu|||||s|||||000 1 eng d | ||
| 040 |
_aPGUSA _beng |
||
| 042 | _adc | ||
| 050 | 4 | _aPQ | |
| 100 | 1 |
_aScribe, Eugène, _d1791-1861 |
|
| 245 | 1 | 0 |
_aCarlos Broschi _h[electronic resource] / _cEugène Scribe |
| 260 |
_bProject Gutenberg, _c2010 |
||
| 506 | _aPublic domain in the USA. | ||
| 516 | _aElectronic text | ||
| 653 | _aFrench fiction -- Translations into Spanish | ||
| 700 | 1 |
_aNúñez de Prado, Guillermo, _d1874- |
|
| 830 | 0 |
_aProject Gutenberg _v31707 |
|
| 856 | 4 | 0 | _uhttp://www.gutenberg.org/ebooks/31707 |
| 942 | _cEB | ||
| 999 |
_c260962 _d260962 |
||